Henry N. Cobb words & works : (Record no. 607951)
[ view plain ]
| 000 -LEADER | |
|---|---|
| fixed length control field | 00922cam a22002895i 4500 |
| 001 - CONTROL NUMBER | |
| control field | 20446120 |
| 003 - CONTROL NUMBER IDENTIFIER | |
| control field | OSt |
| 005 - DATE AND TIME OF LATEST TRANSACTION | |
| control field | 20240221095943.0 |
| 008 - FIXED-LENGTH DATA ELEMENTS--GENERAL INFORMATION | |
| fixed length control field | 180411s2018 nyu 000 0 eng |
| 010 ## - LIBRARY OF CONGRESS CONTROL NUMBER | |
| LC control number | 2018940980 |
| 020 ## - INTERNATIONAL STANDARD BOOK NUMBER | |
| International Standard Book Number | 9781580935142 |
| 040 ## - CATALOGING SOURCE | |
| Original cataloging agency | DLC |
| Language of cataloging | eng |
| Description conventions | rda |
| Transcribing agency | DLC |
| 042 ## - AUTHENTICATION CODE | |
| Authentication code | pcc |
| 082 ## - DEWEY DECIMAL CLASSIFICATION NUMBER | |
| Classification number | 720.92 |
| Author Mark | COB |
| 100 1# - MAIN ENTRY--PERSONAL NAME | |
| Personal name | Cobb, Henry N. |
| 9 (RLIN) | 120953 |
| 245 10 - TITLE STATEMENT | |
| Title | Henry N. Cobb words & works : |
| Remainder of title | 1948-2018 scenes from a life in architecture / |
| Statement of responsibility, etc. | Henry N. Cobb. |
| 250 ## - EDITION STATEMENT | |
| Edition statement | 1st edition. |
| 260 ## - PUBLICATION, DISTRIBUTION, ETC. | |
| Place of publication, distribution, etc. | New york: |
| Name of publisher, distributor, etc. | The Monacelli press; |
| Date of publication, distribution, etc. | 2018. |
| 263 ## - PROJECTED PUBLICATION DATE | |
| Projected publication date | 1809 |
| 300 ## - PHYSICAL DESCRIPTION | |
| Extent | 547p.: |
| 650 ## - SUBJECT ADDED ENTRY--TOPICAL TERM | |
| Topical term or geographic name entry element | Pei Cobb Freed & Partners |
| 9 (RLIN) | 120954 |
| 650 ## - SUBJECT ADDED ENTRY--TOPICAL TERM | |
| Topical term or geographic name entry element | Architecture |
| 9 (RLIN) | 10518 |
| 906 ## - LOCAL DATA ELEMENT F, LDF (RLIN) | |
| a | 0 |
| b | ibc |
| c | orignew |
| d | 2 |
| e | epcn |
| f | 20 |
| g | y-gencatlg |
| 942 ## - ADDED ENTRY ELEMENTS (KOHA) | |
| Source of classification or shelving scheme | |
| Koha item type | Reference |
| Institution code [OBSOLETE] | SADA |
| Call number prefix | REF 720.92 COB 2018 |
| Withdrawn status | Lost status | Source of classification or shelving scheme | Damaged status | Not for loan | Permanent Location | Current Location | Date acquired | Source of acquisition | Total Checkouts | Full call number | Barcode | Date last seen | Cost, replacement price | Price effective from | Koha item type |
|---|---|---|---|---|---|---|---|---|---|---|---|---|---|---|---|
| School of Art Design and Architecture (SADA) | School of Art Design and Architecture (SADA) | 07/25/2019 | Multiline | REF 720.92 COB 2018 | SADA0002829 | 02/21/2024 | 5230.72 | 02/21/2024 | Reference |
